| 000 | 00887nam a22002177a 4500 | ||
|---|---|---|---|
| 005 | 20240103110849.0 | ||
| 010 | _aB-756767-772 | ||
| 020 |
_a9789392594427 _c800.00 |
||
| 035 | _aB-756767-772 | ||
| 037 | _aSunnvik Books | ||
| 082 | _a362.1962 | ||
| 245 |
_aImpact of Covid-19 on the Education System: _bIssues and Challenges _cEdit By Alamgir Khan, Ataur Rahaman and Bairam Khan |
||
| 260 |
_aNew Delhi _bEss Ess Publications _c2022 |
||
| 270 |
_a4831/24, Ansari Road, Daryaganj _bNew Delhi _e110002 |
||
| 300 |
_a183p. _c23cm(Hb) |
||
| 700 |
_aKhan,Alamgir _eEditor _960333 |
||
| 700 |
_aRahaman,Ataur _eEditor _960334 |
||
| 700 |
_aKhan,Bairam _eEditor _960335 |
||
| 942 |
_2ddc _cEN _h362.1962 _mIMP |
||
| 999 |
_c199856 _d199856 |
||